Návrh ukazovateľov na ekonomické hodnotenie pôsobenia zamestnancov v podniku OSMOS s.r.o.

Saved in:
Bibliographic Details
Main Author: Bango, Erik (Author)
Other Authors: Homokyová, Mária (Thesis advisor)
Format: Manuscript Book
Language:Slovak
Published: 2019
Subjects:
Online Access:http://is.stuba.sk/zp/portal_zp.pl?podrobnosti=143720
Tags: Add Tag
No Tags, Be the first to tag this record!

MARC

LEADER 00000ntm a22000003a 4500
001 stuzp73639
003 SK-STU
005 20190608212153.6
007 ta
008 150427s2015----xo-----f-mn---000-0-slo-d
040 |a STU  |b slo 
041 0 |a slo 
100 1 |a Bango, Erik  |u 064000  |k Z4  |4 aut  |U MTF Materiálovotechnologická fakulta  |T MTF Ústav priemyselného inžinierstva a manažmentu  |X 73308  |U M4000  |Y 84  |7 73308 
242 0 1 |a The proposal of indicators for economic assessment of employee performance in OSMOS s.r.o.  |y eng 
245 1 0 |a Návrh ukazovateľov na ekonomické hodnotenie pôsobenia zamestnancov v podniku OSMOS s.r.o. 
260 |c 2019 
650 4 |a Ľudský kapitál  |2 slo 
650 4 |a Ľudský potenciál  |2 slo 
650 4 |a Pomerové ukazovatele  |2 slo 
650 4 |a Ekonomická analýza  |2 slo 
650 4 |a Pôsobenie zamestnancov  |2 slo 
650 4 |a Human capital  |2 eng 
650 4 |a Human potential  |2 eng 
650 4 |a Indicators  |2 eng 
650 4 |a Economic analysis  |2 eng 
650 4 |a Employee performance  |2 eng 
700 1 |a Homokyová, Mária  |u 064000  |k Z1  |4 ths  |U MTF Materiálovotechnologická fakulta  |T MTF Ústav priemyselného inžinierstva a manažmentu  |X 2756  |U M4000  |Y 84  |7 A000002756 
856 4 |u http://is.stuba.sk/zp/portal_zp.pl?podrobnosti=143720 
996 |c M* DP-14087  |l MMSKP  |s P  |a 0  |w stuzp73639_0001